Представление документа в формате RUSMARC

ПолеНазваниеЗначение
  Тип записи a
  Библиографический уровень m
001 Контрольный номер RU/CBS_UL/BASE/38ce6fd03df644bf8b7428f56ae35a39
005 Дата корректировки 20260428112045.3
010 Индекс ISBN __
a ISBN 978-5-6050569-0-4
d Цена 40 р. 00 к.
9 Тираж 150 экз.
b Уточнения в пер.
100 Данные общей обработки __
a Данные общей обработки 20151216d2015 ||| 0rusy0189 ca
101 Язык документа 0_
a Язык текста tat
102 Страна публикации __
a Страна публикации RU
105 Кодированные данные (монография) __
a Кодированные данные (монография) y###||||000|y
181 Поле кодированных данных: вид содержания _1
a Код вида содержания (ISBD) i#
b Код характеристики содержания (ISBD) #xxe##
d i
g x
h x
i e
182 Поле кодированных данных: тип средства _1
a Код типа средства (ISBD) n
2 Код системы (источник кода, отличный от ISBD) isbdmedia
200 Заглавие и сведения об ответственности 1_
a Заглавие Дәвер моңы
b Общее обозначение материала Текст
d Параллельное заглавие Мелодия времени
e Сведения, относящиеся к заглавию [стихотворения, песни, баллада]
e Сведения, относящиеся к заглавию стихи на татар. яз.
f Первые сведения об ответственности Ф. Ш. Алиуллов
w Текст (визуальный) : непосредственный
203 Вид содержания и тип средства __
a Вид содержания Текст
b Характеристика содержания визуальный
c Тип средства непосредственный
210 Выходные данные 1_
a Место издания Ульяновск
c Издательство Мастер Студия
d Дата издания 2023
215 Физическое описание __
a Объем 183 с.
c Иллюстрации/тип воспроизводства ил., портр.
d Формат 22,5 см.
300 Общие примечания __
a Общие примечания Краеведческий фонд МБУК ЦБС
300 Общие примечания __
a Общие примечания Книга с автографом автора
300 Общие примечания __
a Общие примечания 12+
606 Тематические рубрики 0_
a Основная рубрика Татарская литература, 20-21 вв. - Ульяновские поэты
610 Ключевые слова 0_
a Ключевые слова литература татарская
a Ключевые слова поэзия татарская
a Ключевые слова татары
a Ключевые слова малая Родина
a Ключевые слова краеведение
a Ключевые слова родной язык
686 Индексы других классификаций __
a Классификационный индекс 84(2Рос=Тат)
2 Код системы ББК
700 Автор _0
a Фамилия Алиуллов
b Имя (инициалы) Ф. Ш.
g Полное личное имя Фазылжан Шайхелисламович
801 Источник записи _0
a Страна RU
b Организация МБУК ЦБС
c Дата составления 20151216
g Правила каталогизации RCR
801 Источник записи _1
a Страна RU
b Организация МБУК ЦБС г. Ульяновска
c Дата составления 20151216
g Правила каталогизации RCR
852 Данные о местонахождении __
i Авторский знак А 50
j Шифр хранения Р6=Тат
900 Электронные ресурсы __
a Имя электронного ресурса мелодия аллиулов
901 Тип документа __
t Тип документа m